| 000 | 00445nam a2200193Ia 4500 | ||
|---|---|---|---|
| 003 | 0100 | ||
| 008 | 130303s9999 xx 000 0 und d | ||
| 040 | _cARRUPELIB | ||
| 050 | _aLB675.M517 | ||
| 100 | _aMill, John Stuart | ||
| 245 | _aJohn Stuart Mill on education | ||
| 260 | _aNew York | ||
| 260 | _bTeachers College Press | ||
| 260 | _C1971 | ||
| 300 | _aviii | ||
| 300 | _b 236p. 19cm | ||
| 700 | _aJohn Stuart Mill | ||
| 942 | 0 | 0 | _01 |
| 999 |
_c32746 _d32746 |
||